Don't be wise after the event (Record no. 71235)
[ view plain ]
| 000 -LEADER | |
|---|---|
| fixed length control field | 01057cam a2200217 4500 |
| 001 - CONTROL NUMBER | |
| control field | ABS65975 |
| 008 - FIXED-LENGTH DATA ELEMENTS--GENERAL INFORMATION | |
| fixed length control field | 020925n2002 000 0 eng u |
| 035 ## - SYSTEM CONTROL NUMBER | |
| System control number | (Sirsi) u119856 |
| 100 ## - MAIN ENTRY--PERSONAL NAME | |
| Personal name | Charles, S |
| 245 ## - TITLE STATEMENT | |
| Title | Don't be wise after the event |
| 260 ## - PUBLICATION, DISTRIBUTION, ETC. | |
| Date of publication, distribution, etc. | 2002 |
| 490 ## - SERIES STATEMENT | |
| Series statement | Estates Gazette |
| Volume/sequential designation | (0232) 10 August 2002, 82-83(2) |
| 520 ## - SUMMARY, ETC. | |
| Summary, etc. | Recommends that if planning permission remains liable to be challenged, a wise developer should insure against risk of loss. Cites "R v Bedfordshire CC ex p Mason and others" [1999] to illustrate that a developer can take a large risk when implementing a planning permission while it is liable to challenge, as increasing numbers of planning decisions are quashed at judicial review on the grounds of illegality, irrationality or procedural impropriety. |
| 590 ## - LOCAL NOTE (RLIN) | |
| Local note | ABS |
| 650 ## - SUBJECT ADDED ENTRY--TOPICAL TERM | |
| Topical term or geographic name entry element | R V BEDFORDSHIRE CC EX P MASON AND OTHERS |
| 650 ## - SUBJECT ADDED ENTRY--TOPICAL TERM | |
| Topical term or geographic name entry element | JUDICIAL REVIEW |
| 650 ## - SUBJECT ADDED ENTRY--TOPICAL TERM | |
| Topical term or geographic name entry element | PLANNING DECISIONS |
| 690 ## - LOCAL SUBJECT ADDED ENTRY--TOPICAL TERM (OCLC, RLIN) | |
| Topical term or geographic name as entry element | ENVIRONMENTAL AND LAND CONSULTANCY-PLANNING AND DEVELOPMENT |
| 700 ## - ADDED ENTRY--PERSONAL NAME | |
| Personal name | O'Connor, A |
| 942 ## - ADDED ENTRY ELEMENTS (KOHA) | |
| Suppress in OPAC | 0 |
| Withdrawn status | Lost status | Source of classification or shelving scheme | Damaged status | Not for loan | Home library | Current library | Shelving location | Date acquired | Total Checkouts | Full call number | Barcode | Date last seen | Copy number | Price effective from | Koha item type |
|---|---|---|---|---|---|---|---|---|---|---|---|---|---|---|---|
| Dewey Decimal Classification | London | London | Journal article | 25/09/2002 | ABS65975 | 119856-1001 | 06/08/2019 | 1 | 06/08/2019 | Journal article |